000 004780000a22001570004500
003 MACL
005 20180227123523.0
008 180227b xxu||||| |||| 00| 0 eng d
040 _cmacl
100 _aराकेश इन्‍दुरख्‍या
_920224
245 _aआखो की देखभाल
260 _bराकेश साहित्‍य
_c2008
350 _a20
650 _aचिल्‍ड्रन
_970797
942 _cHIN
_k741.642/IND
_2ddc
999 _c41421
_d41421